000
00285nam a22001097a 4500
008
170112b xxu||||| |||| 00| 0 eng d
020
_a
9780323065856
041
_a
eng
080
_2
3RD
_a
618.2
245
_a
COMPREHENSIVE REVIEW FOR THE NCLEX-RN EXAMINATION
_c
HINDS, M.M
942
_2
udc
_c
BK
999
_c
2757
_d
2757